| 000 | 00903nam a22002177a 4500 | ||
|---|---|---|---|
| 003 | UA-OsUOA | ||
| 001 | 39945 | ||
| 007 | ta | ||
| 008 | 20080525b un ||||| |||| 00| 0 ukr d | ||
| 100 | _aУмінський В. Королевський Ф. | ||
| 090 | _a09-082 | ||
| 942 | _cBK | ||
| 040 |
_aUA-OsUOA _bukr _cUA-OsUOA _dUA-OsUOA |
||
| 245 |
_aЯк повстала наша земля і який буде її кінець.- Вінніпег, 1920 _bКвітка-Основ'яненко Гр. Сердешна Оксана. - Київ, 1907; Бандурист. Жах. Збірка оповідань. - Берлін, 1921; Кузеля З. В 60-ті роковини смерти Тараса Шевченка. - Берлін, 1921. |
||
| 955 | _a1 | ||
| 041 | _aukr | ||
| 080 | _a09-082 | ||
| 246 | 3 | 1 |
_a(Зшиті різні книги) _nКнига 13,14,15 |
| 650 | 7 | _2UDC | |
| 999 |
_c438454 _d438454 |
||